Euroopan maantiedettä kirjaimittain - L - Statistics

Yleistilastot
  • Tätä visaa on pelattu 1 209 kertaa
  • Keskiarvotulos 15 / 20
Vastaustilastot
Vihje Vastaus % Oikein
Yhdistyneen kuningaskunnan pääkaupunki Lontoo
99%
Suomen pohjoisin maakunta Lappi
98%
Kirjaimella L alkavat Euroopan valtiot Latvia
98%
Kirjaimella L alkavat Euroopan valtiot Liettua
98%
Portugalin pääkaupunki Lissabon
93%
Kirjaimella L alkavat Euroopan valtiot Luxemburg
91%
Kirjaimella L alkavat Euroopan valtiot Liechtenstein
90%
Salpausselän kisoista tunnettu Suomen kaupunki Lahti
87%
Pariisin tunnetuin museo Louvre
87%
Pietarin kaupungin entinen nimi ja sitä ympäröivän alueen nimi Leningrad
82%
Euroopan suurin järvi Laatokka
76%
Ranskan kolmanneksi suurin kaupunki Lyon
74%
Pohjois-Norjassa sijaitseva saariryhmä Lofootit
73%
Beatlesin kotikaupunki Liverpool
71%
Pisin kokonaan Ranskassa sijaitseva joki Loire
46%
Läntisen Ukrainan suurin kaupunki ja kulttuurin keskus Lviv
46%
Kreikalle kuuluva saari, jossa Sapfo asui Lesbos
45%
1300- ja 1400-luvuilla Hansaliittoa johtanut Pohjois-Saksassa sijaitseva kaupunki Lyypekki
39%
Saksalainen kaupunki, jossa J. S. Bach vietti suuren osan elämästään Leipzig
34%
Italian rikkain ja väkiluvultaan suurin alue Lombardia
30%
Ehtoja vastaavia visoja ei löytynyt
Tulosjakauma
Jokaisen tuloksen saaneiden osuus
Persentiili vastausten määrän mukaan
Tuloshistoriasi
Et ole pelannut tätä visaa